000 01591nkm0a22003611 4500
001 RU\NLR\INFOCOMM_10\5000067011
005 20250806205555.0
035 _a(NLR Aleph) 010755925
090 _a76141
_c76141
100 _a20150325d1945 u y0rusy50 ca
101 0 _arus
102 _aRU
116 _aiybxx xx zz
135 _acrcn 024apaba
200 1 _aДворец культуры имени С. М. Кирова
_bИзоматериалы
_eпропуск служит для входа во дворец
_e[бланк]
_fВЦСПС
210 _a[Ленинград
_d1945]
215 _a2 л.
_d9х11 см
300 _aПодпись: Управляющий делами
325 _aКопия доступна в Электрон. б-ке РНБ
606 1 0 _aБлокада Ленинграда
_z1941 - 1944
_2nlr_sh
_3RU\NLR\AUTH\661253360
801 1 _aRU
_binfocomm
_c20150325
801 0 _aRU
_bNLR
_gPSBO
852 _aNLR
_bЛ3-340
_j6-24/1-8
_pЛМ.1983
852 _aNLR
_bЛ3-340
_j6-24/1-8
_pЛМ.1984
856 0 _uhttp://vivaldi.nlr.ru/al000000445/view
856 1 _uhttp://vivaldi.nlr.ru/al000000445/cover
856 2 _uhttp://vivaldi.nlr.ru/al000000445/text
942 _cVISUAL
945 _aРоссийская национальная библиотека
980 _aBV
981 3 7 _a(37) Ленинград в Великой Отечественной войне
_b(37) Бланки официальных документов, продовольственные карточки
981 3 4 _a(34) Санкт-Петербург